000 00302nam a2200121Ia 4500
005 20251222143258.0
008 251222s9999||||xx |||||||||||||| ||spa||
082 _a242/M86
100 _aMorĂ³n Orellana, Juan Eduardo
245 0 _aLa Cruz que Rechace
264 _bFondo Editorial UNMSM
942 _cLIB
999 _c15238
_d15238